Pensamientos del P. Luis Francisco d'Argentan acerca de las grandezas de la Santísima Vírgen

Detalles Bibliográficos
Autor principal: D'Argentan, Luis Francisco
Formato: Libro
Lenguaje:Spanish
Publicado: Madrid 1852
Edición:Segunda edición
Materias:
Colección:Banco de datos
Acervo:Biblioteca de la Congregación del Oratorio de San Felipe Neri de México. Iglesia La Profesa
Descripción Física:300 p. 21 cm.
Tema general:Mariología
Notas:Encuadernación en cartón con lomo en piel. Daños de humedad
LEADER 00749nam a22001930004500
035 |a 1753 
041 0 |a spa 
100 1 |a D'Argentan, Luis Francisco 
245 1 0 |a Pensamientos del P. Luis Francisco d'Argentan acerca de las grandezas de la Santísima Vírgen 
250 |a Segunda edición 
260 |a Madrid  |b establecimiento tipográfico-literario de D. Nicolás de Castro Palomino  |c 1852 
300 |a 300 p.  |c 21 cm. 
500 |a Encuadernación en cartón con lomo en piel. Daños de humedad 
504 |a Índice de contenido 
650 1 0 |a Mariología 
949 |a Iglesia La Profesa, Biblioteca 3331 
942 |c PROFESA 
943 |g Biblioteca de la Congregación del Oratorio de San Felipe Neri de México. Iglesia La Profesa 
999 |c 948564  |d 948564